<?xml version="1.0" encoding="UTF-8"?>
<record
    xmlns:xsi="http://www.w3.org/2001/XMLSchema-instance"
    xsi:schemaLocation="http://www.loc.gov/MARC21/slim http://www.loc.gov/standards/marcxml/schema/MARC21slim.xsd"
    xmlns="http://www.loc.gov/MARC21/slim">

  <leader>02852nam0a2200385   4500</leader>
  <controlfield tag="001">RU\NLR\BIBL_A\012887093</controlfield>
  <controlfield tag="005">20221115144257.0</controlfield>
  <datafield tag="010" ind1=" " ind2=" ">
    <subfield code="a">978-5-906858-71-9</subfield>
    <subfield code="9">200</subfield>
  </datafield>
  <datafield tag="021" ind1=" " ind2=" ">
    <subfield code="a">RU</subfield>
    <subfield code="b">&#x41A;&#x41D;-&#x41F;-22-048377</subfield>
    <subfield code="9">&#x41A;&#x41D;-&#x41F;-22-4195</subfield>
  </datafield>
  <datafield tag="035" ind1=" " ind2=" ">
    <subfield code="a">(NLR Aleph) 012887093</subfield>
  </datafield>
  <datafield tag="035" ind1=" " ind2=" ">
    <subfield code="a">(RuMoRGB)011153759</subfield>
  </datafield>
  <datafield tag="090" ind1=" " ind2=" ">
    <subfield code="a">12538786</subfield>
    <subfield code="c">12538786</subfield>
  </datafield>
  <datafield tag="100" ind1=" " ind2=" ">
    <subfield code="a">20220913d2022    m  y0rusy50      ca</subfield>
  </datafield>
  <datafield tag="101" ind1="0" ind2=" ">
    <subfield code="a">rus</subfield>
  </datafield>
  <datafield tag="102" ind1=" " ind2=" ">
    <subfield code="a">RU</subfield>
  </datafield>
  <datafield tag="105" ind1=" " ind2=" ">
    <subfield code="a">ac  z   000zy</subfield>
  </datafield>
  <datafield tag="200" ind1="1" ind2=" ">
    <subfield code="a">&#x42F; &#x441;&#x443;&#x435;&#x432;&#x435;&#x440;&#x43D;&#x44B;&#x439; &#x43C;&#x43E;&#x440;&#x44F;&#x43A;</subfield>
    <subfield code="e">&#x440;&#x443;&#x43A;&#x43E;&#x432;&#x43E;&#x434;&#x441;&#x442;&#x432;&#x43E; &#x43F;&#x43E; &#x441;&#x43E;&#x431;&#x43B;&#x44E;&#x434;&#x435;&#x43D;&#x438;&#x44E; &#x43C;&#x43E;&#x440;&#x441;&#x43A;&#x438;&#x445; &#x441;&#x443;&#x435;&#x432;&#x435;&#x440;&#x438;&#x439;</subfield>
    <subfield code="f">&#x41A;&#x430;&#x43B;&#x430;&#x43D;&#x43E;&#x432; &#x41D;&#x438;&#x43A;&#x43E;&#x43B;&#x430;&#x439;</subfield>
  </datafield>
  <datafield tag="210" ind1=" " ind2=" ">
    <subfield code="a">&#x41C;&#x43E;&#x441;&#x43A;&#x432;&#x430;</subfield>
    <subfield code="c">&#x413;&#x43E;&#x440;&#x438;&#x437;&#x43E;&#x43D;&#x442;</subfield>
    <subfield code="d">2022</subfield>
  </datafield>
  <datafield tag="215" ind1=" " ind2=" ">
    <subfield code="a">349 &#x441;.</subfield>
    <subfield code="c">&#x438;&#x43B;., &#x43F;&#x43E;&#x440;&#x442;&#x440;.</subfield>
    <subfield code="d">23</subfield>
  </datafield>
  <datafield tag="300" ind1=" " ind2=" ">
    <subfield code="a">&#x41D;&#x430; &#x442;&#x438;&#x442;. &#x441;. &#x438; &#x43E;&#x431;&#x43B;. &#x437;&#x430;&#x433;&#x43B;.: &#x42F; &#x43D;&#x435; &#x441;&#x443;&#x435;&#x432;&#x435;&#x440;&#x43D;&#x44B;&#x439; &#x43C;&#x43E;&#x440;&#x44F;&#x43A;. &#x41F;&#x440;&#x435;&#x434;&#x43B;&#x43E;&#x433; "&#x43D;&#x435;" &#x437;&#x430;&#x447;&#x435;&#x440;&#x43A;&#x43D;&#x443;&#x442;</subfield>
  </datafield>
  <datafield tag="320" ind1=" " ind2=" ">
    <subfield code="a">&#x414;&#x440;. &#x43A;&#x43D;. &#x430;&#x432;&#x442;. &#x43D;&#x430; 4-&#x439; &#x441;. &#x43E;&#x431;&#x43B;.</subfield>
  </datafield>
  <datafield tag="330" ind1=" " ind2=" ">
    <subfield code="a">&#x412; &#x43A;&#x43D;&#x438;&#x433;&#x435; &#x43F;&#x43E;&#x434;&#x440;&#x43E;&#x431;&#x43D;&#x43E; &#x43E;&#x431;&#x44A;&#x44F;&#x441;&#x43D;&#x44F;&#x435;&#x442;&#x441;&#x44F; &#x43F;&#x440;&#x43E;&#x438;&#x441;&#x445;&#x43E;&#x436;&#x434;&#x435;&#x43D;&#x438;&#x435; &#x431;&#x43E;&#x43B;&#x435;&#x435; &#x442;&#x44B;&#x441;&#x44F;&#x447;&#x438; &#x43C;&#x43E;&#x440;&#x441;&#x43A;&#x438;&#x445; &#x441;&#x443;&#x435;&#x432;&#x435;&#x440;&#x438;&#x439;, &#x43F;&#x43E;&#x432;&#x435;&#x440;&#x438;&#x439; &#x438; &#x43F;&#x440;&#x438;&#x43C;&#x435;&#x442;, &#x43E;&#x43F;&#x438;&#x441;&#x430;&#x43D;&#x44B; &#x434;&#x435;&#x439;&#x441;&#x442;&#x432;&#x438;&#x44F;, &#x43A;&#x43E;&#x442;&#x43E;&#x440;&#x44B;&#x435; &#x43D;&#x435;&#x43E;&#x431;&#x445;&#x43E;&#x434;&#x438;&#x43C;&#x43E; &#x441;&#x43E;&#x432;&#x435;&#x440;&#x448;&#x430;&#x442;&#x44C; &#x43C;&#x43E;&#x440;&#x44F;&#x43A;&#x443;&#x432; &#x440;&#x430;&#x437;&#x43D;&#x44B;&#x445;&#x443;&#x441;&#x43B;&#x43E;&#x432;&#x438;&#x44F;&#x445;, &#x447;&#x442;&#x43E;&#x431;&#x44B; &#x441;&#x43E;&#x431;&#x43B;&#x44E;&#x441;&#x442;&#x438; &#x438;&#x43B;&#x438; &#x43E;&#x431;&#x435;&#x437;&#x432;&#x440;&#x435;&#x434;&#x438;&#x442;&#x44C; &#x43C;&#x43E;&#x440;&#x441;&#x43A;&#x438;&#x435; &#x441;&#x443;&#x435;&#x432;&#x435;&#x440;&#x438;&#x44F;. &#x422;&#x43E;&#x43B;&#x44C;&#x43A;&#x43E; &#x438;&#x437; &#x44D;&#x442;&#x43E;&#x439; &#x43A;&#x43D;&#x438;&#x433;&#x438; &#x432;&#x44B; &#x441;&#x43C;&#x43E;&#x436;&#x435;&#x442;&#x435; &#x43F;&#x43E;&#x43B;&#x443;&#x447;&#x438;&#x442;&#x44C; &#x447;&#x451;&#x442;&#x43A;&#x438;&#x435; &#x438;&#x43D;&#x441;&#x442;&#x440;&#x443;&#x43A;&#x446;&#x438;&#x438;, &#x43A;&#x430;&#x43A; &#x434;&#x43E;&#x43B;&#x436;&#x435;&#x43D; &#x432;&#x435;&#x441;&#x442;&#x438; &#x441;&#x435;&#x431;&#x44F; &#x43C;&#x43E;&#x440;&#x44F;&#x43A; &#x43F;&#x440;&#x438; &#x432;&#x441;&#x442;&#x440;&#x435;&#x447;&#x435; &#x441; &#x43A;&#x43E;&#x440;&#x430;&#x431;&#x43B;&#x451;&#x43C;-&#x43F;&#x440;&#x438;&#x437;&#x440;&#x430;&#x43A;&#x43E;&#x43C; "&#x41B;&#x435;&#x442;&#x443;&#x447;&#x438;&#x43C; &#x413;&#x43E;&#x43B;&#x43B;&#x430;&#x43D;&#x434;&#x446;&#x435;&#x43C;". &#x43E;&#x433;&#x43D;&#x44F;&#x43C;&#x438; "&#x421;&#x432;&#x44F;&#x442;&#x43E;&#x433;&#x43E; &#x42D;&#x43B;&#x44C;&#x43C;&#x430;" &#x438;&#x43B;&#x438; &#x441;&#x43E;&#x431;&#x43B;&#x430;&#x437;&#x43D;&#x438;&#x442;&#x435;&#x43B;&#x44C;&#x43D;&#x438;&#x446;&#x435;&#x439;-&#x440;&#x443;&#x441;&#x430;&#x43B;&#x43A;&#x43E;&#x439;. &#x41A;&#x430;&#x43A; &#x43F;&#x440;&#x430;&#x432;&#x438;&#x43B;&#x44C;&#x43D;&#x43E; &#x432;&#x44B;&#x431;&#x440;&#x430;&#x442;&#x44C; "&#x43A;&#x440;&#x451;&#x441;&#x442;&#x43D;&#x443;&#x44E;" &#x43C;&#x430;&#x442;&#x44C;, &#x43F;&#x43E;&#x434;&#x433;&#x43E;&#x442;&#x43E;&#x432;&#x438;&#x442;&#x44C; &#x431;&#x443;&#x442;&#x44B;&#x43B;&#x43A;&#x443; &#x448;&#x430;&#x43C;&#x43F;&#x430;&#x43D;&#x441;&#x43A;&#x43E;&#x433;&#x43E; &#x434;&#x43B;&#x44F; &#x43A;&#x440;&#x435;&#x449;&#x435;&#x43D;&#x438;&#x44F; &#x441;&#x443;&#x434;&#x43D;&#x430; &#x438; &#x43F;&#x435;&#x440;&#x435;&#x438;&#x43C;&#x435;&#x43D;&#x43E;&#x432;&#x44B;&#x432;&#x430;&#x442;&#x44C; &#x441;&#x443;&#x434;&#x43D;&#x43E;? &#x41A;&#x430;&#x43A; &#x43C;&#x43E;&#x440;&#x44F;&#x43A; &#x434;&#x43E;&#x43B;&#x436;&#x435;&#x43D; &#x440;&#x435;&#x430;&#x433;&#x438;&#x440;&#x43E;&#x432;&#x430;&#x442;&#x44C; &#x43D;&#x430; &#x442;&#x430;&#x43A;&#x438;&#x435; &#x43F;&#x440;&#x438;&#x440;&#x43E;&#x434;&#x43D;&#x44B;&#x435; &#x44F;&#x432;&#x43B;&#x435;&#x43D;&#x438;&#x44F;, &#x43A;&#x430;&#x43A; &#x433;&#x430;&#x43B;&#x43E;, &#x433;&#x43E;&#x43B;&#x443;&#x431;&#x430;&#x44F; &#x43B;&#x443;&#x43D;&#x430;, &#x440;&#x430;&#x434;&#x443;&#x433;&#x430;, &#x441;&#x43C;&#x435;&#x440;&#x447;? &#x41A;&#x430;&#x43A;&#x438;&#x435; &#x442;&#x430;&#x442;&#x443;&#x438;&#x440;&#x43E;&#x432;&#x43A;&#x438; &#x441;&#x43E;&#x445;&#x440;&#x430;&#x43D;&#x44F;&#x442; &#x43C;&#x43E;&#x440;&#x44F;&#x43A;&#x430; &#x43E;&#x442; &#x433;&#x438;&#x431;&#x435;&#x43B;&#x438; &#x432; &#x43C;&#x43E;&#x440;&#x441;&#x43A;&#x43E;&#x439; &#x43F;&#x443;&#x447;&#x438;&#x43D;&#x435; &#x438; &#x43A;&#x430;&#x43A; &#x433;&#x440;&#x430;&#x43C;&#x43E;&#x442;&#x43D;&#x43E; &#x440;&#x430;&#x441;&#x448;&#x438;&#x444;&#x440;&#x43E;&#x432;&#x44B;&#x432;&#x430;&#x442;&#x44C; &#x43A;&#x43E;&#x440;&#x430;&#x431;&#x435;&#x43B;&#x44C;&#x43D;&#x44B;&#x435; &#x441;&#x43D;&#x43E;&#x432;&#x438;&#x434;&#x435;&#x43D;&#x438;&#x44F;?</subfield>
  </datafield>
  <datafield tag="333" ind1=" " ind2=" ">
    <subfield code="a">16+</subfield>
  </datafield>
  <datafield tag="517" ind1="1" ind2=" ">
    <subfield code="a">&#x42F; &#x43D;&#x435; &#x441;&#x443;&#x435;&#x432;&#x435;&#x440;&#x43D;&#x44B;&#x439; &#x43C;&#x43E;&#x440;&#x44F;&#x43A;</subfield>
  </datafield>
  <datafield tag="606" ind1="1" ind2=" ">
    <subfield code="a">&#x421;&#x443;&#x435;&#x432;&#x435;&#x440;&#x438;&#x44F;</subfield>
    <subfield code="2">nlr_sh1</subfield>
    <subfield code="2">nlr_sh2</subfield>
    <subfield code="3">RU\NLR\AUTH\66906577</subfield>
  </datafield>
  <datafield tag="606" ind1="1" ind2=" ">
    <subfield code="a">&#x41C;&#x43E;&#x440;&#x441;&#x43A;&#x43E;&#x435; &#x434;&#x435;&#x43B;&#x43E;</subfield>
    <subfield code="2">nlr_sh1</subfield>
    <subfield code="2">nlr_sh2</subfield>
    <subfield code="3">RU\NLR\AUTH\66210975</subfield>
  </datafield>
  <datafield tag="675" ind1=" " ind2=" ">
    <subfield code="a">821.161.1-32</subfield>
    <subfield code="v">4</subfield>
  </datafield>
  <datafield tag="686" ind1=" " ind2=" ">
    <subfield code="a">84(2=411.2)6-44</subfield>
    <subfield code="2">rubbks</subfield>
  </datafield>
  <datafield tag="686" ind1="2" ind2=" ">
    <subfield code="a">&#x428;6(2=&#x420;)8-461</subfield>
  </datafield>
  <datafield tag="700" ind1=" " ind2="1">
    <subfield code="a">&#x41A;&#x430;&#x43B;&#x430;&#x43D;&#x43E;&#x432;</subfield>
    <subfield code="b">&#x41D;. &#x410;.</subfield>
    <subfield code="f">1956-</subfield>
    <subfield code="g">&#x41D;&#x438;&#x43A;&#x43E;&#x43B;&#x430;&#x439; &#x410;&#x43B;&#x435;&#x43A;&#x441;&#x430;&#x43D;&#x434;&#x440;&#x43E;&#x432;&#x438;&#x447;</subfield>
  </datafield>
  <datafield tag="942" ind1=" " ind2=" ">
    <subfield code="c">BOOK</subfield>
  </datafield>
  <datafield tag="980" ind1=" " ind2=" ">
    <subfield code="a">NB</subfield>
  </datafield>
  <datafield tag="995" ind1=" " ind2=" ">
    <subfield code="5">2022-09-13</subfield>
    <subfield code="a">ad</subfield>
    <subfield code="b">NLR01</subfield>
    <subfield code="c">NLR01</subfield>
    <subfield code="e">RF81</subfield>
    <subfield code="f">1-3966549</subfield>
    <subfield code="k">2022-5/9184</subfield>
    <subfield code="o">0</subfield>
    <subfield code="r">BOOK</subfield>
    <subfield code="s">202259184_</subfield>
  </datafield>
  <datafield tag="995" ind1=" " ind2=" ">
    <subfield code="5">2022-09-13</subfield>
    <subfield code="a">ad</subfield>
    <subfield code="b">NLR01</subfield>
    <subfield code="c">NLR01</subfield>
    <subfield code="e">RF81</subfield>
    <subfield code="f">1-3966550</subfield>
    <subfield code="k">2022-5/9184</subfield>
    <subfield code="o">0</subfield>
    <subfield code="r">BOOK</subfield>
    <subfield code="s">202259184_</subfield>
  </datafield>
</record>
